Tratado de organización, costos y balances /
Guardado en:
| Autor Principal: | |
|---|---|
| Formato: | Libro |
| Idioma: | Spanish |
| Publicado: |
Buenos Aires :
Partenón,
1960.
|
| Etiquetas: |
Agregar Etiqueta
Sin Etiquetas, Sea el primero en etiquetar este registro!
|
| LEADER | 00436nam a22001335a 4500 | ||
|---|---|---|---|
| 001 | EUN.um034784 | ||
| 008 | 041125s1960####ag#a##########000#0#spa#d | ||
| 005 | 20190807120244.0 | ||
| 245 | 1 | 0 | |a Tratado de organización, costos y balances / |c Francisco Cholvis. |
| 260 | |a Buenos Aires : |b Partenón, |c 1960. | ||
| 300 | |a 8 v. : |b ilus. ; |c 23 cm. | ||
| 100 | 1 | |a Cholvis, Francisco. | |
| 082 | 0 | 4 | |a 658 |
| 859 | |a Ar-BaUNS |b BIB. CENTRAL - Sector C |h 658 |i C453 |p 753/962 |v v.5 | ||
